[Event "4. Continental de Ajedrez de Cali"]
[Site "Santiago de Cali COL"]
[Date "2007.07.11"]
[Round "2.50"]
[White "Narvaez, Zamir"]
[Black "Saladen, Rafael"]
[Result "0-1"]
[WhiteElo "2062"]
[BlackElo "2190"]
[PlyCount "114"]
[EventDate "2007.07.11"]
[EventType "swiss"]
[EventRounds "1"]
[EventCountry "COL"]
[Source "lmi"]
[SourceDate "2007.07.11"]

1. e4 c5 2. Nf3 d6 3. d4 cxd4 4. Nxd4 Nf6 5. Nc3 Nc6 6. Bg5 e6 7. Qd2 a6 8.
O-O-O Bd7 9. f4 h6 10. Bxf6 Qxf6 11. g3 Qxd4 12. Qxd4 Nxd4 13. Rxd4 Bc6 14. Be2
h5 15. Rhd1 Be7 16. Bf3 O-O-O 17. Ne2 Kc7 18. R4d3 b5 19. Nd4 Bb7 20. f5 e5 21.
Ne2 h4 22. g4 h3 23. a3 Kb8 24. Nc3 Ka7 25. Kb1 Rc8 26. Nd5 Bg5 27. c3 a5 28.
f6 g6 29. Ne7 Rcd8 30. Rxd6 Rxd6 31. Rxd6 Bf4 32. Rd7 Bxh2 33. Nc6+ Kb6 34. Nd8
Bc8 35. Nxf7 Rf8 36. Re7 Bf4 37. g5 b4 38. axb4 axb4 39. Kc2 b3+ 40. Kd3 Ba6+
41. c4 Kc5 42. Nxe5 Rd8+ 43. Nd7+ Kb4 44. e5 Bxe5 45. Rxe5 Rxd7+ 46. Ke3 Bxc4
47. Re7 Rd3+ 48. Kf4 h2 49. Rh7 Rd2 50. Rb7+ Ka5 51. f7 Rf2 52. Ra7+ Kb6 53.
Rb7+ Ka6 54. f8=Q Rxf3+ 55. Kxf3 h1=Q+ 56. Ke3 Qxb7 57. Qa3+ Kb5 0-1

[Event "4. Continental de Ajedrez de Cali"]
[Site "Santiago de Cali COL"]
[Date "2007.07.11"]
[Round "2.51"]
[White "Remicio, Duque John"]
[Black "Villa, Olivia Rosalba"]
[Result "0-1"]
[WhiteElo "2189"]
[BlackElo "1968"]
[PlyCount "80"]
[EventDate "2007.07.11"]
[EventType "swiss"]
[EventRounds "1"]
[EventCountry "COL"]
[Source "lmi"]
[SourceDate "2007.07.11"]

1. e4 Nf6 2. e5 Nd5 3. d4 d6 4. Nf3 g6 5. Bc4 Nb6 6. Bb3 Bg7 7. O-O O-O 8. Bg5
Nc6 9. exd6 cxd6 10. Re1 Qc7 11. c3 e5 12. Na3 a6 13. h3 Na5 14. Qd2 Nxb3 15.
axb3 f5 16. dxe5 dxe5 17. Rad1 e4 18. Bf4 Qf7 19. Ne5 Qxb3 20. Nac4 Be6 21.
Nxb6 Qxb6 22. Nd7 Bxd7 23. Qxd7 Qxb2 24. Qe6+ Kh8 25. Be5 Rae8 26. Bxg7+ Kxg7
27. Rd7+ Kh8 28. Qc4 Qb6 29. Red1 e3 30. fxe3 Rxe3 31. Kh1 Rfe8 32. Qd4+ Qxd4
33. R1xd4 R8e7 34. c4 Kg7 35. c5 Kf6 36. R4d6+ R3e6 37. Rd5 Rxd7 38. Rxd7 Re7
39. Rd2 Rc7 40. Kg1 Ke6 0-1

[Event "4. Continental de Ajedrez de Cali"]
[Site "Santiago de Cali COL"]
[Date "2007.07.11"]
[Round "2.53"]
[White "Perez, Olarte Cesar Camilo"]
[Black "Souza Neves, Andrey M"]
[Result "0-1"]
[WhiteElo "2056"]
[BlackElo "2156"]
[PlyCount "136"]
[EventDate "2007.07.11"]
[EventType "swiss"]
[EventRounds "1"]
[EventCountry "COL"]
[Source "lmi"]
[SourceDate "2007.07.11"]

1. e4 c5 2. Nf3 Nc6 3. d4 cxd4 4. Nxd4 Nf6 5. Nc3 d6 6. Be2 g6 7. O-O Bg7 8.
Nb3 O-O 9. Re1 Be6 10. Bf1 Na5 11. Nd5 Re8 12. Bg5 Bxd5 13. exd5 Rc8 14. Nxa5
Qxa5 15. c4 Kf8 16. a3 Nd7 17. b4 Qc7 18. Rc1 a5 19. Qd2 axb4 20. axb4 Bf6 21.
Bxf6 exf6 22. Qd4 Rxe1 23. Rxe1 Re8 24. Ra1 b6 25. Ra3 Kg7 26. Qa1 Ne5 27. Ra8
Rxa8 28. Qxa8 g5 29. h3 f5 30. h4 h6 31. hxg5 hxg5 32. Qa3 f4 33. Qc3 Kg8 34.
Qd4 Qd8 35. Qe4 Qf6 36. Be2 g4 37. g3 fxg3 38. fxg3 Qg5 39. Qf4 Qxf4 40. gxf4
Ng6 41. f5 Ne5 42. Kg2 Kg7 43. Kg3 Kf6 44. Kf4 g3 45. Kxg3 Kxf5 46. Kf2 Ke4 47.
c5 bxc5 48. bxc5 dxc5 49. d6 Kd5 50. Ke3 Kxd6 51. Ke4 Ke6 52. Ba6 f5+ 53. Kf4
Kf6 54. Bc8 Ng6+ 55. Ke3 Ke5 56. Kd3 Ne7 57. Bb7 Kd6 58. Bg2 Nd5 59. Bf3 Nb6
60. Bh5 Ke5 61. Bf7 Kf4 62. Be6 Ke5 63. Bf7 f4 64. Bg6 c4+ 65. Kc3 f3 66. Bh5
Kf4 67. Kd2 Nd5 68. Bg6 Ne3 0-1

[Event "4. Continental de Ajedrez de Cali"]
[Site "Santiago de Cali COL"]
[Date "2007.07.11"]
[Round "2.54"]
[White "Cardona, Fabio"]
[Black "Orozco, Luz Elena"]
[Result "1/2-1/2"]
[WhiteElo "2152"]
[BlackElo "1908"]
[PlyCount "89"]
[EventDate "2007.07.11"]
[EventType "swiss"]
[EventRounds "1"]
[EventCountry "COL"]
[Source "lmi"]
[SourceDate "2007.07.11"]

1. e4 d5 2. exd5 Qxd5 3. Nc3 Qa5 4. Nf3 Bg4 5. Be2 Nf6 6. O-O e6 7. Nd4 Qe5 8.
Bxg4 Qxd4 9. Bf3 c6 10. d3 Be7 11. a4 a5 12. Be3 Qd7 13. Qe2 O-O 14. g3 Na6 15.
Ne4 Nd5 16. Bd2 Nc5 17. Nxc5 Bxc5 18. c3 Rfe8 19. d4 Bf8 20. Rfd1 Qc7 21. Qc4
Nb6 22. Qb3 Nd7 23. Bg2 Qb6 24. Qxb6 Nxb6 25. Bf1 Nd5 26. Bc4 h6 27. Kf1 Nb6
28. Bb3 c5 29. dxc5 Bxc5 30. Ke2 Nd5 31. Be1 Rad8 32. Bc4 Nc7 33. Rxd8 Rxd8 34.
Rd1 Rxd1 35. Kxd1 Kf8 36. Ke2 Ke7 37. Bd2 Kd6 38. Bf4+ e5 39. Be3 f5 40. Bf7
Nd5 41. Bxc5+ Kxc5 42. Be6 Nb6 43. b3 Nd5 44. Kd2 Ne7 45. Ke3 1/2-1/2

[Event "4. Continental de Ajedrez de Cali"]
[Site "Santiago de Cali COL"]
[Date "2007.07.11"]
[Round "2.55"]
[White "Guerrero, Hernando"]
[Black "Bibiloni, Jorge"]
[Result "0-1"]
[WhiteElo "2041"]
[BlackElo "2145"]
[PlyCount "64"]
[EventDate "2007.07.11"]
[EventType "swiss"]
[EventRounds "1"]
[EventCountry "COL"]
[Source "lmi"]
[SourceDate "2007.07.11"]

1. e4 e5 2. Nf3 d6 3. d4 exd4 4. Nxd4 Nf6 5. Nc3 Be7 6. Be2 O-O 7. O-O c5 8.
Nf3 Nc6 9. a3 h6 10. h3 Be6 11. Re1 Re8 12. Bf1 Bf8 13. Bf4 d5 14. exd5 Nxd5
15. Nxd5 Qxd5 16. Qxd5 Bxd5 17. Rxe8 Rxe8 18. Re1 Rd8 19. Nd2 Nd4 20. c3 Ne6
21. Be3 Bc6 22. Nc4 b6 23. Be2 Ba4 24. Kf1 Nc7 25. Bc1 Nd5 26. Ne3 Nf4 27. Bd1
Bb5+ 28. c4 Ba6 29. Bc2 Rd4 30. b3 Ne6 31. Bb2 Rd8 32. Nd5 Rxd5 0-1

[Event "4. Continental de Ajedrez de Cali"]
[Site "Santiago de Cali COL"]
[Date "2007.07.11"]
[Round "2.56"]
[White "Rios, Cristian Camilo"]
[Black "Minaya, Juan"]
[Result "1-0"]
[WhiteElo "2013"]
[BlackElo "2254"]
[PlyCount "69"]
[EventDate "2007.07.11"]
[EventType "swiss"]
[EventRounds "1"]
[EventCountry "COL"]
[Source "lmi"]
[SourceDate "2007.07.11"]

1. e4 e5 2. Nf3 d6 3. d4 Nf6 4. Nc3 Nbd7 5. dxe5 dxe5 6. Bc4 Be7 7. O-O O-O 8.
Qe2 c6 9. Rd1 Qc7 10. Ng5 Nb6 11. Bb3 a5 12. Be3 Bg4 13. f3 Bc8 14. Qf2 Ra6 15.
a4 h6 16. Nb5 cxb5 17. axb5 Nc4 18. Bxc4 Rd6 19. Rxd6 Bxd6 20. Nxf7 Rxf7 21.
Bxf7+ Kxf7 22. b6 Qc6 23. Rxa5 Be6 24. Ra1 Nh5 25. g3 Nf6 26. Rd1 Ke8 27. Rd3
Nd7 28. Qd2 Be7 29. Rc3 Qb5 30. Rc7 Bh3 31. c4 Qa6 32. Qd1 Nxb6 33. g4 Bd8 34.
Rxg7 Be7 35. Rg6 1-0

[Event "4. Continental de Ajedrez de Cali"]
[Site "Santiago de Cali COL"]
[Date "2007.07.12"]
[Round "3.3"]
[White "Vescovi, Giovanni P"]
[Black "Garcia, Gildardo"]
[Result "1-0"]
[WhiteElo "2609"]
[BlackElo "2435"]
[PlyCount "103"]
[EventDate "2007.07.11"]
[EventType "swiss"]
[EventRounds "1"]
[EventCountry "COL"]
[Source "lmi"]
[SourceDate "2007.07.11"]

1. d4 d5 2. Nf3 Nf6 3. c4 dxc4 4. e3 c5 5. Bxc4 e6 6. O-O a6 7. Bb3 b5 8. a4 b4
9. Qe2 Bb7 10. Rd1 Nbd7 11. Nbd2 cxd4 12. exd4 Be7 13. Ne5 Bd5 14. Bc2 Qc7 15.
Bd3 O-O 16. Ndc4 Qb7 17. Bg5 Rfe8 18. f4 Bxc4 19. Bxc4 Nd5 20. Nxd7 Qxd7 21.
Bxa6 Bxg5 22. fxg5 Nc7 23. Bd3 Qxd4+ 24. Kh1 Qf4 25. Rf1 Qxg5 26. Qc2 Nd5 27.
Bxh7+ Kh8 28. Be4 Ne3 29. Qf2 Nxf1 30. Bxa8 Nxh2 31. Kxh2 Qh5+ 32. Kg1 Rxa8 33.
Qb6 Qg4 34. a5 Rc8 35. a6 Qf4 36. a7 Rc1+ 37. Rxc1 Qxc1+ 38. Kh2 Qh6+ 39. Kg3
Qg5+ 40. Kf3 Qf5+ 41. Ke3 Qe5+ 42. Kd3 Qd5+ 43. Qd4 Qa8 44. Kc4 e5 45. Qd7 Kh7
46. Kb5 b3 47. Kb6 Qe4 48. Qc6 Qd4+ 49. Ka6 Qd3+ 50. Kb7 e4 51. a8=Q e3 52.
Qaa4 1-0

[Event "4. Continental de Ajedrez de Cali"]
[Site "Santiago de Cali COL"]
[Date "2007.07.12"]
[Round "3.19"]
[White "Montenegro, Rolando"]
[Black "Sequera, Jose"]
[Result "0-1"]
[WhiteElo "2227"]
[BlackElo "2432"]
[PlyCount "106"]
[EventDate "2007.07.11"]
[EventType "swiss"]
[EventRounds "1"]
[EventCountry "COL"]
[Source "lmi"]
[SourceDate "2007.07.11"]

1. e4 e6 2. d3 d5 3. Nd2 c5 4. Ngf3 Nc6 5. g3 Bd6 6. Bg2 Nge7 7. O-O O-O 8. Nh4
b5 9. f4 f5 10. exf5 exf5 11. Re1 b4 12. Nhf3 Qc7 13. Nf1 Bb7 14. c3 bxc3 15.
bxc3 Qa5 16. Bd2 Qa6 17. Qe2 Rf6 18. Kh1 h6 19. Be3 Re6 20. d4 Qxe2 21. Rxe2
cxd4 22. cxd4 Ba6 23. Ree1 Nb4 24. Bd2 Re4 25. Ne5 Rxd4 26. Bc3 Re4 27. Bxe4
fxe4 28. Ne3 Bc5 29. Rab1 Nd3 30. Nxd3 Bxd3 31. Rb7 Rd8 32. Bb4 Bxb4 33. Rxb4
d4 34. Rb7 Kf8 35. Ng4 e3 36. Rxa7 Nd5 37. Kg1 Be4 38. Ra4 Nc3 39. Rc4 e2 40.
Kf2 Bd3 41. Rc7 Ba6 42. Ne5 Nd1+ 43. Kf3 d3 44. Rd7 Rxd7 45. Nxd7+ Ke7 46. Nc5
Bc4 47. g4 Kd6 48. Ne4+ Kd5 49. Nd2 Bxa2 50. Rxe2 dxe2 51. Kxe2 Nc3+ 52. Kd3
Ne4 53. Nf1 Bc4+ 0-1

[Event "4. Continental de Ajedrez de Cali"]
[Site "Santiago de Cali COL"]
[Date "2007.07.12"]
[Round "3.35"]
[White "Naranjo, Sebastian"]
[Black "Peña, Alfredo"]
[Result "1/2-1/2"]
[WhiteElo "2035"]
[BlackElo "2248"]
[PlyCount "74"]
[EventDate "2007.07.11"]
[EventType "swiss"]
[EventRounds "1"]
[EventCountry "COL"]
[Source "lmi"]
[SourceDate "2007.07.11"]

1. e4 e5 2. Nf3 Nc6 3. d4 exd4 4. Nxd4 Nf6 5. Nxc6 bxc6 6. e5 Qe7 7. Qe2 Nd5 8.
c4 Ba6 9. Qe4 Nb6 10. Nc3 O-O-O 11. c5 Bxf1 12. cxb6 Ba6 13. bxa7 Kb7 14. Be3
Ka8 15. O-O-O Bb7 16. Rhe1 Qe6 17. f4 g6 18. Qa4 Be7 19. Ne4 Qf5 20. g3 d6 21.
exd6 cxd6 22. Bb6 Rd7 23. Qd4 Rc8 24. Nc5 Bf6 25. Re5 Bxe5 26. fxe5 dxc5 27.
Qxd7 Qxe5 28. Qxf7 Qe3+ 29. Rd2 Qe1+ 30. Rd1 Qe3+ 31. Kc2 Qe4+ 32. Kc1 Qe3+ 33.
Kb1 Qe4+ 34. Ka1 Qe2 35. Rc1 Qxh2 36. Qf4 h6 37. Bxc5 g5 1/2-1/2

[Event "4. Continental de Ajedrez de Cali"]
[Site "Santiago de Cali COL"]
[Date "2007.07.15"]
[Round "6.5"]
[White "Renteria, Jorge"]
[Black "Kudrin, Sergey"]
[Result "0-1"]
[WhiteElo "2252"]
[BlackElo "2543"]
[PlyCount "68"]
[EventDate "2007.07.11"]
[EventType "swiss"]
[EventRounds "1"]
[EventCountry "COL"]
[Source "lmi"]
[SourceDate "2007.07.11"]

1. e4 c5 2. Nf3 d6 3. c3 Nf6 4. Bd3 Bg4 5. Bc2 Nc6 6. O-O e6 7. d3 Be7 8. Nbd2
d5 9. a4 Qc7 10. Qe2 d4 11. h3 Bh5 12. Nc4 Nd7 13. g4 Bg6 14. Ne1 e5 15. f4 f6
16. f5 Bf7 17. Na3 g5 18. Bd2 h5 19. Ng2 a6 20. c4 O-O-O 21. Kf2 hxg4 22. hxg4
Rh3 23. Rh1 Rdh8 24. Rxh3 Rxh3 25. Bd1 Nb4 26. Bxb4 cxb4 27. Nc2 b3 28. Nce1
Nc5 29. Ra3 Qb6 30. a5 Qb4 31. Nf3 Bd8 32. Nge1 Bxa5 33. Kg2 Rh8 34. Bxb3 Nxb3
0-1

[Event "4. Continental de Ajedrez de Cali"]
[Site "Santiago de Cali COL"]
[Date "2007.07.15"]
[Round "6.14"]
[White "Fier, Alexander"]
[Black "Naranjo, Sebastian"]
[Result "1-0"]
[WhiteElo "2527"]
[BlackElo "2035"]
[PlyCount "57"]
[EventDate "2007.07.11"]
[EventType "swiss"]
[EventRounds "1"]
[EventCountry "COL"]
[Source "lmi"]
[SourceDate "2007.07.11"]

1. e4 c5 2. Nf3 d6 3. d4 cxd4 4. Nxd4 Nf6 5. Nc3 a6 6. Bg5 e6 7. f4 Qb6 8. Qd2
Qxb2 9. Rb1 Qa3 10. e5 h6 11. Bh4 dxe5 12. fxe5 Nfd7 13. Ne4 Qxa2 14. Rd1 Qd5
15. Qe3 Qxe5 16. Be2 Bc5 17. Bg3 Bxd4 18. Rxd4 Qa5+ 19. Rd2 O-O 20. Bd6 Rd8 21.
Qg3 Qf5 22. Be5 Qg6 23. Qh4 Nc6 24. Bh5 Qh7 25. Bxf7+ Kh8 26. O-O Rf8 27. Bd6
g5 28. Qh5 Rd8 29. Bg6 1-0

[Event "4. Continental de Ajedrez de Cali"]
[Site "Santiago de Cali COL"]
[Date "2007.07.16"]
[Round "7.20"]
[White "Naranjo, Sebastian"]
[Black "Alzate, Dario"]
[Result "1/2-1/2"]
[WhiteElo "2035"]
[BlackElo "2392"]
[PlyCount "104"]
[EventDate "2007.07.11"]
[EventType "swiss"]
[EventRounds "1"]
[EventCountry "COL"]
[Source "lmi"]
[SourceDate "2007.07.11"]

1. e4 c5 2. Nf3 e6 3. d4 cxd4 4. Nxd4 Nc6 5. Nxc6 bxc6 6. Bd3 d5 7. Nd2 Nf6 8.
O-O Be7 9. Qe2 a5 10. c4 O-O 11. Nf3 dxe4 12. Bxe4 Nxe4 13. Qxe4 Ra6 14. Be3 c5
15. Rfd1 Qb6 16. Ne5 Bb7 17. Qg4 Bc8 18. Nd7 Bxd7 19. Rxd7 Ra7 20. Rxa7 Qxa7
21. Rd1 Rb8 22. Rd2 Bf6 23. Qh5 Rc8 24. Qd1 h6 25. Qa4 Bd4 26. Bxd4 cxd4 27. g3
Qc5 28. b3 e5 29. Qb5 Qxb5 30. cxb5 Rc5 31. a4 Rc1+ 32. Kg2 Rb1 33. Rd3 Kh7 34.
f4 e4 35. Rxd4 Rb2+ 36. Kf1 Rxb3 37. Rxe4 Rb2 38. Re2 Rb4 39. Kf2 Kg6 40. Ra2
Kf5 41. Ke3 Ke6 42. Kd3 f5 43. Kc3 Kd5 44. Rb2 Rxa4 45. b6 Rc4+ 46. Kd3 Rd4+
47. Ke3 Re4+ 48. Kf3 Re8 49. Rb5+ Kc6 50. Rxa5 g6 51. Ra7 Kxb6 52. Rg7 Re6
1/2-1/2

[Event "4. Continental de Ajedrez de Cali"]
[Site "Santiago de Cali COL"]
[Date "2007.07.17"]
[Round "8.1"]
[White "Kudrin, Sergey"]
[Black "Vescovi, Giovanni P"]
[Result "1/2-1/2"]
[WhiteElo "2543"]
[BlackElo "2609"]
[PlyCount "50"]
[EventDate "2007.07.11"]
[EventType "swiss"]
[EventRounds "1"]
[EventCountry "COL"]
[Source "lmi"]
[SourceDate "2007.07.11"]

1. e4 e5 2. Nf3 Nc6 3. Bc4 Bc5 4. c3 Nf6 5. d3 a6 6. O-O Ba7 7. Re1 d6 8. Bb3
h6 9. Nbd2 O-O 10. Nf1 Be6 11. Ng3 Re8 12. Bxe6 Rxe6 13. d4 d5 14. Nxe5 Nxe5
15. dxe5 Nxe4 16. Nxe4 dxe4 17. Bf4 Qxd1 18. Raxd1 g5 19. Be3 Bxe3 20. Rxe3
Rxe5 21. Rd7 b5 22. f3 Rae8 23. Rxc7 exf3 24. Rxf3 Re1+ 25. Rf1 R8e2 1/2-1/2

[Event "4. Continental de Ajedrez de Cali"]
[Site "Santiago de Cali COL"]
[Date "2007.07.17"]
[Round "8.3"]
[White "Ivanov, Alexander"]
[Black "Cordova, Emilio"]
[Result "1-0"]
[WhiteElo "2547"]
[BlackElo "2492"]
[PlyCount "87"]
[EventDate "2007.07.11"]
[EventType "swiss"]
[EventRounds "1"]
[EventCountry "COL"]
[Source "lmi"]
[SourceDate "2007.07.11"]

1. e4 e6 2. d4 d5 3. Nd2 Nf6 4. e5 Nfd7 5. c3 c5 6. f4 Nc6 7. Ndf3 cxd4 8. cxd4
Qb6 9. a3 Be7 10. b4 f6 11. Bd3 a5 12. b5 Nxd4 13. Nxd4 fxe5 14. fxe5 Nxe5 15.
Qh5+ Nf7 16. Ngf3 g6 17. Bxg6 hxg6 18. Qxg6 Bd7 19. O-O Bc5 20. Be3 e5 21. Nxe5
Qxg6 22. Nxg6 Rh6 23. Nf4 Rd6 24. Rae1 Bb6 25. Nf5 Bxf5 26. Bxb6+ Kd7 27. Bc5
Be4 28. Bxd6 Nxd6 29. a4 Nc4 30. Nh5 Kd6 31. Rf2 Kc5 32. Nf6 Bg6 33. h4 Rh8 34.
g3 Nb6 35. Rf4 Kd6 36. h5 Bc2 37. Ne8+ Kc5 38. Rc1 Nc4 39. Rxc2 Rxe8 40. h6 Rh8
41. Rh4 Kb4 42. g4 Kb3 43. Rg2 Ne5 44. Rg3+ 1-0

[Event "4. Continental de Ajedrez de Cali"]
[Site "Santiago de Cali COL"]
[Date "2007.07.17"]
[Round "8.5"]
[White "Escobar Forero, Alder"]
[Black "Rodriguez Vila, Andres"]
[Result "1-0"]
[WhiteElo "2477"]
[BlackElo "2547"]
[PlyCount "105"]
[EventDate "2007.07.11"]
[EventType "swiss"]
[EventRounds "1"]
[EventCountry "COL"]
[Source "lmi"]
[SourceDate "2007.07.11"]

1. e4 e6 2. d4 d5 3. Nd2 Nf6 4. e5 Nfd7 5. Bd3 b6 6. c3 Ba6 7. Bc2 c5 8. Ne2
Nc6 9. Nf3 cxd4 10. cxd4 Qc7 11. O-O Rc8 12. Ba4 b5 13. Bb3 b4 14. Re1 Be7 15.
Nf4 O-O 16. h4 Na5 17. Ng5 Bxg5 18. hxg5 g6 19. Qg4 Nxb3 20. axb3 Qb6 21. Nxd5
exd5 22. Qxd7 Rfd8 23. Qa4 Rc6 24. Bd2 Rdc8 25. Qxb4 Qxb4 26. Bxb4 Rb8 27. Be7
Rb7 28. Bd6 Bb5 29. Bc5 a6 30. Re3 Re6 31. g4 Bd7 32. Kg2 Rc6 33. Kg3 Kg7 34.
b4 Bc8 35. Rc3 Kg8 36. Kf4 h5 37. gxh5 gxh5 38. Rh1 a5 39. Rxh5 Be6 40. Ra3
axb4 41. Ra8+ Rc8 42. Ra1 Kg7 43. Rah1 Rxc5 44. dxc5 b3 45. Rh7+ Kf8 46. g6
Rb4+ 47. Kf3 fxg6 48. Ra7 Bg4+ 49. Kg3 Bh5 50. Rh4 Rb5 51. c6 Rc5 52. Rf4+ Kg8
53. Rb4 1-0

[Event "4. Continental de Ajedrez de Cali"]
[Site "Santiago de Cali COL"]
[Date "2007.07.17"]
[Round "8.6"]
[White "Lima, Darcy"]
[Black "Peralta, Fernando"]
[Result "1-0"]
[WhiteElo "2463"]
[BlackElo "2546"]
[PlyCount "126"]
[EventDate "2007.07.11"]
[EventType "swiss"]
[EventRounds "1"]
[EventCountry "COL"]
[Source "lmi"]
[SourceDate "2007.07.11"]

1. e4 d6 2. d4 Nf6 3. Bd3 e5 4. c3 d5 5. dxe5 Nxe4 6. Nf3 Nc6 7. Nbd2 Nc5 8.
Bb1 Bg4 9. b4 Ne6 10. Qa4 Bh5 11. O-O Qd7 12. b5 Ncd8 13. Qh4 Bg6 14. Bxg6 fxg6
15. c4 Be7 16. Qg4 O-O 17. cxd5 Qxd5 18. Qc4 Qxc4 19. Nxc4 b6 20. Be3 a6 21. a4
Nb7 22. Ncd2 Bc5 23. Nb3 Bxe3 24. fxe3 Nbc5 25. Nbd4 Rfe8 26. Rfd1 a5 27. Ra3
Rad8 28. Rc1 Rd7 29. Rc4 h6 30. h3 Kf7 31. Rac3 Kg8 32. Nxe6 Rd1+ 33. Kh2 Nxe6
34. Nd4 Ra1 35. Nxe6 Rxe6 36. Rxc7 Rxa4 37. R3c6 Rxe5 38. Rxb6 Rb4 39. Rxg6
Rbxb5 40. Rgxg7+ Kf8 41. Rh7 Kg8 42. Rxh6 Rxe3 43. Ra6 Re8 44. Rca7 Ree5 45. h4
Rb4 46. g3 Rbb5 47. Kh3 Rec5 48. Rg6+ Kh8 49. Rd6 Rc8 50. Rdd7 Kg8 51. Rg7+ Kh8
52. Rh7+ Kg8 53. Rag7+ Kf8 54. Rd7 Kg8 55. h5 a4 56. Kh4 Rb6 57. Rhg7+ Kh8 58.
Rh7+ Kg8 59. Rhe7 Rb1 60. Ra7 Rh1+ 61. Kg5 Kh8 62. g4 Rg8+ 63. Kh6 Rb8 1-0

[Event "4. Continental de Ajedrez de Cali"]
[Site "Santiago de Cali COL"]
[Date "2007.07.17"]
[Round "8.7"]
[White "Barrientos, Sergio"]
[Black "Zambrana, Oswaldo"]
[Result "1/2-1/2"]
[WhiteElo "2417"]
[BlackElo "2511"]
[PlyCount "48"]
[EventDate "2007.07.11"]
[EventType "swiss"]
[EventRounds "1"]
[EventCountry "COL"]
[Source "lmi"]
[SourceDate "2007.07.11"]

1. e4 c5 2. Nf3 d6 3. d4 cxd4 4. Nxd4 Nf6 5. Nc3 a6 6. Be3 e5 7. Nf3 Be7 8. Bc4
O-O 9. O-O Qc7 10. Bb3 Be6 11. Nh4 Nxe4 12. Nxe4 Bxb3 13. cxb3 Bxh4 14. Qxd6
Qc6 15. f3 Qb5 16. g3 Bd8 17. Rad1 Nc6 18. Nc3 Qa5 19. Rd5 Qc7 20. Qxc7 Bxc7
21. Rd7 Ba5 22. Rxb7 Rfd8 23. Rc1 Rd3 24. Kf2 Nd8 1/2-1/2

[Event "4. Continental de Ajedrez de Cali"]
[Site "Santiago de Cali COL"]
[Date "2007.07.17"]
[Round "8.8"]
[White "Diamant, Andre"]
[Black "Matsuura, Everaldo"]
[Result "1/2-1/2"]
[WhiteElo "2394"]
[BlackElo "2505"]
[PlyCount "33"]
[EventDate "2007.07.11"]
[EventType "swiss"]
[EventRounds "1"]
[EventCountry "COL"]
[Source "lmi"]
[SourceDate "2007.07.11"]

1. e4 c5 2. Nf3 Nc6 3. d4 cxd4 4. Nxd4 Nf6 5. Nc3 e5 6. Ndb5 d6 7. Bg5 a6 8.
Na3 b5 9. Nd5 Be7 10. Bxf6 Bxf6 11. c3 Bg5 12. Nc2 Ne7 13. Ncb4 O-O 14. a4 bxa4
15. Qxa4 a5 16. Nxe7+ Qxe7 17. Nd5 1/2-1/2

[Event "4. Continental de Ajedrez de Cali"]
[Site "Santiago de Cali COL"]
[Date "2007.07.17"]
[Round "8.10"]
[White "Iturrizaga, Eduardo"]
[Black "Gulko, Boris"]
[Result "1-0"]
[WhiteElo "2411"]
[BlackElo "2576"]
[PlyCount "71"]
[EventDate "2007.07.11"]
[EventType "swiss"]
[EventRounds "1"]
[EventCountry "COL"]
[Source "lmi"]
[SourceDate "2007.07.11"]

1. Nf3 Nf6 2. d4 e6 3. Bg5 h6 4. Bh4 b6 5. Nbd2 Bb7 6. e3 Be7 7. Bd3 c5 8. c3
Nc6 9. O-O d5 10. Ne5 Nxe5 11. dxe5 Nd7 12. Bg3 Bh4 13. f4 Bxg3 14. hxg3 Qe7
15. Qe2 O-O 16. Qh5 Rad8 17. Nf3 d4 18. exd4 Bxf3 19. Qxf3 cxd4 20. cxd4 Qb4
21. Qe4 f5 22. Qe3 Nb8 23. Rac1 Qxd4 24. Qxd4 Rxd4 25. Bc4 Kf7 26. Bb5 a6 27.
Rc7+ Kg6 28. Bc4 Re8 29. a4 h5 30. b3 Nd7 31. Rc6 Nc5 32. Rxb6 Nxa4 33. Rxa6
Nc5 34. Rc6 Ne4 35. Bxe6 Red8 36. Bg8+ 1-0

[Event "4. Continental de Ajedrez de Cali"]
[Site "Santiago de Cali COL"]
[Date "2007.07.17"]
[Round "8.11"]
[White "Fier, Alexander"]
[Black "Ibarra Chami, Luis Fernando"]
[Result "0-1"]
[WhiteElo "2527"]
[BlackElo "2386"]
[PlyCount "88"]
[EventDate "2007.07.11"]
[EventType "swiss"]
[EventRounds "1"]
[EventCountry "COL"]
[Source "lmi"]
[SourceDate "2007.07.11"]

1. e4 c5 2. Nf3 d6 3. d4 cxd4 4. Nxd4 Nf6 5. Nc3 Bd7 6. Bg5 e6 7. Qd2 a6 8.
O-O-O h6 9. Be3 Ng4 10. Kb1 Nxe3 11. Qxe3 Be7 12. f4 Nc6 13. Nf3 Qa5 14. Bc4
Qc5 15. Qe2 b5 16. Bb3 b4 17. Nd5 exd5 18. exd5 Na7 19. Rd4 Bb5 20. Qe4 Nc8 21.
c3 bxc3 22. Rc1 Bd7 23. Rxc3 Qb6 24. Rb4 Qd8 25. Rb7 Ra7 26. Rb8 Rc7 27. Re3
O-O 28. Nd4 Bf6 29. Ne6 fxe6 30. dxe6 Bxe6 31. Bxe6+ Kh8 32. g4 d5 33. Qd3 Rc4
34. Rxc8 Rxc8 35. Bxc8 Qb6 36. Qe2 Rxc8 37. g5 Qc6 38. a3 hxg5 39. fxg5 Bxg5
40. Re6 Qd7 41. Qxa6 d4 42. Rd6 Rc1+ 43. Ka2 Qf7+ 44. Re6 Re1 0-1

[Event "4. Continental de Ajedrez de Cali"]
[Site "Santiago de Cali COL"]
[Date "2007.07.17"]
[Round "8.12"]
[White "Beltran, Carlos"]
[Black "Gurevich, Dmitry"]
[Result "1/2-1/2"]
[WhiteElo "2272"]
[BlackElo "2507"]
[PlyCount "51"]
[EventDate "2007.07.11"]
[EventType "swiss"]
[EventRounds "1"]
[EventCountry "COL"]
[Source "lmi"]
[SourceDate "2007.07.11"]

1. Nf3 c5 2. g3 d5 3. Bg2 Nc6 4. d4 Nf6 5. O-O e6 6. c4 Be7 7. Nc3 O-O 8. cxd5
Nxd5 9. Nxd5 exd5 10. dxc5 Bxc5 11. Bg5 f6 12. Bd2 Be6 13. Rc1 Bb6 14. Qa4 d4
15. Rfd1 Qe7 16. Ne1 Bf7 17. Bf3 Rfe8 18. Nd3 Rad8 19. Re1 Ne5 20. Bg2 Qd7 21.
Qxd7 Rxd7 22. b3 Bd5 23. Nc5 Bxc5 24. Rxc5 Bxg2 25. Kxg2 d3 26. Kf1 1/2-1/2

[Event "4. Continental de Ajedrez de Cali"]
[Site "Santiago de Cali COL"]
[Date "2007.07.17"]
[Round "8.13"]
[White "Zapata, Alonso"]
[Black "Cori, Jorge"]
[Result "0-1"]
[WhiteElo "2504"]
[BlackElo "2267"]
[PlyCount "162"]
[EventDate "2007.07.11"]
[EventType "swiss"]
[EventRounds "1"]
[EventCountry "COL"]
[Source "lmi"]
[SourceDate "2007.07.11"]

1. e4 e6 2. d4 d5 3. Nd2 Nf6 4. e5 Nfd7 5. Bd3 c5 6. c3 b6 7. Nh3 Ba6 8. Bxa6
Nxa6 9. O-O Nc7 10. Nf3 Be7 11. Nf4 b5 12. dxc5 Bxc5 13. Nh5 O-O 14. Bg5 Qe8
15. Nd4 Be7 16. Bf4 Kh8 17. Re1 b4 18. cxb4 Bxb4 19. Re3 Bc5 20. Rc1 Bxd4 21.
Qxd4 Rc8 22. Rh3 Rg8 23. Qd3 Nf8 24. Bd2 Na8 25. b3 Nb6 26. Re1 Qe7 27. Bc3 Qc5
28. Qd2 Nbd7 29. g4 Ng6 30. Rd3 Rgf8 31. Kf1 Qc6 32. Bd4 Rg8 33. Nf4 Ndf8 34.
Nh5 Nd7 35. Rf3 Rgf8 36. Qe3 Qa6+ 37. Kg1 Qxa2 38. Rh3 Rg8 39. Nf4 Nxf4 40.
Qxf4 Nf8 41. Qe3 a6 42. Qd3 Rc6 43. Rf3 Qa5 44. Ra1 Qc7 45. Rxa6 Rc1+ 46. Kg2
Ng6 47. Ra7 Nxe5 48. Qe3 Nxg4 49. Qf4 Qxf4 50. Rxf4 Nh6 51. Be3 Rb1 52. Rb4 Nf5
53. Bf4 f6 54. Rd7 h5 55. Rbb7 Nd4 56. Be3 Nf5 57. Bf4 Rc8 58. Rb6 Re8 59. b4
e5 60. Rxd5 Ne7 61. Rd7 exf4 62. Re6 Rxb4 63. Rexe7 Rxe7 64. Rxe7 Kh7 65. Kf3
Kh6 66. Rf7 Kg6 67. Ra7 Kh6 68. Rf7 Rb3+ 69. Kg2 h4 70. f3 h3+ 71. Kxh3 Rxf3+
72. Kg4 Rf2 73. h4 Kg6 74. Rf8 f5+ 75. Kh3 Rf3+ 76. Kh2 Rg3 77. Rh8 Rg4 78. h5+
Kg5 79. h6 Rh4+ 80. Kg2 Rxh6 81. Rg8 g6 0-1